Quizz culture général paris ? - Statistiques

Statistiques générales
  • Ce quiz a été pris 176 fois
  • Le résultat moyen est 6 sur 20
Statistiques - réponses
Questions Réponses % Correct
Quel monument de Paris abrite la flamme du soldat inconnu depuis 1921 ? L'Arc de Triomphe
91%
Quel architecte a été chargé de redessiner Paris au XIXe siècle, sous Napoléon III, avec ses larges boulevards ? Le baron Haussmann
84%
Quel cimetière parisien est souvent qualifié de "plus grand musée à ciel ouvert" en raison de ses sculptures et tombes monumentales ? Le cimetière du Père Lachaise
74%
Quel pont de Paris est surnommé "le plus vieux pont", bien qu'il ait été terminé en 1607 ? Le pont Neuf
67%
Quelle ligne de métro traverse Paris du nord au sud et est surnommée la "ligne des artistes" ? La ligne 12
53%
Quel célèbre écrivain français est enterré dans un caveau double au Panthéon avec son épouse, Juliette Drouet ? Victor Hugo
51%
Quel peintre impressionniste a immortalisé la Gare Saint-Lazare dans une série de tableaux célèbres ? Claude Monet
45%
Quel édifice parisien fut d'abord une église, puis une basilique, avant d'être transformé en mausolée pendant la Révolution ? Le Panthéon
41%
Quelle est la hauteur exacte de la Tour Eiffel, y compris ses antennes ? 330 mètres
28%
Sous quel roi la Place des Vosges, anciennement Place Royale, fut-elle inaugurée ? Henri IV
21%
Quel est le plus ancien café de Paris, fondé en 1686 et fréquenté par des philosophes comme Voltaire et Rousseau ? Le café Procope
13%
Quel célèbre architecte a conçu la pyramide du Louvre, inaugurée en 1989 ? I.M.Pei
12%
Quel est le nom de l'île de Paris qui abritait le marché aux fleurs et des oiseaux jusqu’à récemment ? L'ile de la Cité
6%
Quel bâtiment emblématique de l'architecture Art déco abrite aujourd'hui des institutions culturelles majeures telles que le Musée de l'Homme ? Le Palais de Chaillot
2%
Quel est le nom du parc le plus grand de Paris intra-muros, qui occupe une ancienne carrière de gypse transformée au XIXe siècle ? Le Parc des Buttes-Chaumont
2%
Quelle station de métro, fermée depuis 1939, est encore visible lors du passage de certains trains et est surnommée "la station fantôme" ? La station Saint-Martin
1%
Quel bâtiment parisien, situé rue Montorgueil, est l'un des plus anciens bâtiments civils conservés de la capitale, datant de 1407 ? La Maison de Nicolas Flamel
0%
Quelle place triangulaire située entre les rues Montmartre et du Sentier était historiquement un lieu de duel à l'épée ? La place des Victoires
0%
Quelle rue du Quartier Latin était autrefois la rue principale des marchands de parchemins au Moyen Âge ? La rue de la Harpe
0%
Quel bâtiment parisien abrite aujourd'hui la Bibliothèque historique de la Ville de Paris, et a été la résidence de la famille royale sous Charles V ? L'Hotel de Sens
0%
Aucun quiz correspondant
Distribution des résultats
% des personnes avec chaque résultat
Percentile par nombre de réponses
Votre historique - résultats
Vous n’avez pas pris ce quiz